[Event "Canadian op"]
[Site "Laval"]
[Date "2024.07.18"]
[Round "8"]
[White "Zhang, Michelle1"]
[Black "Scrieciu, Cristian"]
[Result "1-0"]
[WhiteElo "1847"]
[BlackElo "1554"]
[PlyCount "61"]
[EventDate "2024.07.13"]
[EventType "swiss"]
[EventRounds "9"]
[EventCountry "CAN"]
[SourceTitle "EXT 2025"]
[Source "ChessBase"]
[SourceDate "2024.10.14"]
[SourceVersion "1"]
[SourceVersionDate "2024.10.14"]
[SourceQuality "1"]

1. e4 c5 2. Nf3 d6 3. d4 cxd4 4. Nxd4 Nf6 5. Nc3 a6 6. Be2 e5 7. Nb3 Be6 8. 0-0 Nbd7 9. Be3 Rc8 10. f4 Be7 11. Kh1 b5 12. a3 0-0 13. f5 Bc4 14. g4 Nb6 15. g5 Nfd7 16. Rg1 Bxe2 17. Qxe2 Re8 18. g6 fxg6 19. fxg6 h6 20. Raf1 Nf6 21. Bxb6 Qxb6 22. Qg2 a5 23. Qh3 b4 24. Qe6+ Kh8 25. Nd5 Nxd5 26. exd5 Bf6 27. Qh3 Be7 28. Rf7 Bf8 29. Rgf1 a4 30. Qxc8 Qg1+ 31. Kxg1 1-0

[Event "Canadian op"]
[Site "Laval"]
[Date "2024.07.17"]
[Round "7"]
[White "Scrieciu, Cristian"]
[Black "Steinberg, Ellis"]
[Result "0-1"]
[WhiteElo "1554"]
[BlackElo "1885"]
[PlyCount "82"]
[EventDate "2024.07.13"]
[EventType "swiss"]
[EventRounds "9"]
[EventCountry "CAN"]
[SourceTitle "EXT 2025"]
[Source "ChessBase"]
[SourceDate "2024.10.14"]
[SourceVersion "1"]
[SourceVersionDate "2024.10.14"]
[SourceQuality "1"]

1. e4 c6 2. d4 d5 3. e5 Bf5 4. h4 Na6 5. g4 Bd7 6. Nc3 Qb6 7. a3 e6 8. b4 Nb8 9. Be3 a5 10. Na4 Qa7 11. Nc5 axb4 12. a4 b6 13. Nxd7 Nxd7 14. f4 b5 15. a5 Ne7 16. Bd3 Nc8 17. Nf3 Ncb6 18. f5 Nc4 19. Bxc4 bxc4 20. fxe6 fxe6 21. Qe2 Be7 22. Ng5 Bxg5 23. hxg5 Qc7 24. g6 Rxa5 25. Rb1 Nf8 26. gxh7 Rxh7 27. Rxh7 Nxh7 28. Rxb4 Ra1+ 29. Kf2 Qf7+ 30. Kg2 Kd8 31. Bf2 Qf4 32. Rb7 Qh6 33. Be1 Ng5 34. Qe3 Ra2 35. Qf4 Rxc2+ 36. Bd2 Qh3+ 37. Kg1 Nf3+ 38. Kf2 Rxd2+ 39. Ke3 Rd3+ 40. Kf2 Qh4+ 41. Kg2 Rd2+ 0-1

[Event "Canadian op"]
[Site "Laval"]
[Date "2024.07.13"]
[Round "1"]
[White "Scrieciu, Cristian"]
[Black "Gagnon, Gabriel"]
[Result "0-1"]
[WhiteElo "1554"]
[BlackElo "1940"]
[PlyCount "64"]
[EventDate "2024.07.13"]
[EventType "swiss"]
[EventRounds "9"]
[EventCountry "CAN"]
[SourceTitle "EXT 2025"]
[Source "ChessBase"]
[SourceDate "2024.10.14"]
[SourceVersion "1"]
[SourceVersionDate "2024.10.14"]
[SourceQuality "1"]

1. e4 c5 2. Nf3 Nc6 3. d4 cxd4 4. Nxd4 g6 5. c4 Bg7 6. Be3 Nf6 7. Nc3 0-0 8. Be2 d6 9. 0-0 a6 10. h3 Rb8 11. Qd2 Bd7 12. f3 Qc7 13. Rac1 e5 14. Nb3 Be6 15. Rfd1 Rbd8 16. Nd5 Qb8 17. a4 Nd7 18. a5 f5 19. exf5 gxf5 20. Bg5 Nf6 21. Bd3 Rd7 22. Nxf6+ Bxf6 23. Bxf6 Rxf6 24. Kh2 Rg6 25. g4 e4 26. gxf5 Bxf5 27. Qf4 Rf7 28. Rg1 exd3 29. Nd4 Qf8 30. Nxf5 Rxf5 31. Rxg6+ hxg6 32. Qg4 Ne5 0-1